Normal view
MARC view
- Hicks, Wynford , Sally Adams , Harriett Gilbert , Tim Holmes
Entry Personal Name
001 - CONTROL NUMBER
- control field: 1581
003 - CONTROL NUMBER IDENTIFIER
- control field: JO-AjAnu
005 - DATE AND TIME OF LATEST TRANSACTION
- control field: 20230606070549.0
008 - FIXED-LENGTH DATA ELEMENTS
- fixed length control field: 230606|| aca||aabn | a|a d
040 ## - CATALOGING SOURCE
- Original cataloging agency: JO-AjAnu
- Transcribing agency: JO-AjAnu
100 ## - HEADING--PERSONAL NAME
- Personal name: Hicks, Wynford , Sally Adams , Harriett Gilbert , Tim Holmes
670 ## - SOURCE DATA FOUND
- Source citation: Work cat.: (JO-AjAnu)830: Hicks, Wynford , Sally Adams , Harriett Gilbert , Tim Holmes, author, Writing for Journalists